[Event "21st Dubai Open 2019"]
[Site "Dubai"]
[Date "2019.04.06"]
[Round "5.7"]
[White "Iturrizaga Bonelli, Eduardo"]
[Black "Vokhidov, Shamsiddin"]
[Result "1-0"]
[WhiteElo "2633"]
[BlackElo "2494"]
[Annotator "TA"]
[PlyCount "139"]
[EventDate "2019.04.01"]
[EventType "swiss"]
[EventCountry "UAE"]
[SourceTitle "playchess.com"]
[Source "ChessBase"]
[SourceQuality "1"]

{[%evp 9,139,8,8,6,11,3,15,9,9,16,36,21,38,23,23,19,39,32,47,47,61,41,57,47,233,239,238,241,241,229,258,200,200,191,191,170,170,157,145,139,134,129,132,141,129,131,119,103,139,143,147,156,179,91,85,87,82,86,100,88,91,45,41,41,93,87,129,99,94,104,92,86,110,103,113,111,79,78,79,78,76,76,76,75,79,29,77,75,77,85,145,134,231,231,231,231,304,294,295,284,407,416,440,428,1019,1094,666,1110,1122,0,250,0,1129,1129,1047,1054,1047,1028,925,501,316,146,4841,29963,12677,11340,29967,29968,29983,29984,29983,29974]} 1. c4 e6 2. Nf3 d5 3. b3 Nf6 4. Bb2 b6 5. e3 Bb7 6. Nc3 {A13: English Opening: 1...e6} (6. cxd5 exd5 7. g3 Nbd7 8. Bg2 Ba6 9. Bf1 Bb7 10. Bg2 Ba6 11. Bf1 {½-½ (11) Duda,J (2738)-Wang,H (2730) St Petersburg 2018}) 6... a6 7. g3 Nbd7 $146 ({Predecessor:} 7... Bd6 8. cxd5 exd5 9. Bg2 O-O 10. O-O Nbd7 11. d4 Qe7 12. Rc1 Rac8 13. Rc2 Rfe8 {0-1 (61) Sulava,N (2437)-Song,R (2305) Batumi 2018}) 8. cxd5 {The position is equal.} exd5 9. Bg2 g6 10. d4 Bg7 11. O-O O-O 12. Rc1 Qe7 13. Qc2 Rfd8 14. Rfd1 Ne8 15. Ne1 Nef6 16. Nd3 Ne4 $2 (16... c6 $14) 17. Nxe4 $18 {[%mdl 64] Discovered Attack} dxe4 18. Qxc7 Rab8 19. Ne5 Bd5 20. Nc6 Bxc6 21. Rxc6 Qe8 22. Rcc1 Nf6 23. Qf4 Qe6 24. h3 Re8 25. Qe5 Qd7 26. Qc7 Qf5 27. Qc4 Nd5 28. a3 b5 29. Qc6 Re6 30. Qd7 Bf8 31. g4 ({Better is} 31. Rc5 $1 $18 {[%cal Rc5d5]} Bxc5 32. dxc5) 31... Qg5 $16 32. h4 Qd8 33. Qxd8 Rxd8 34. Rc2 f5 35. gxf5 gxf5 36. Bh3 Rg6+ (36... Rf6 $14) 37. Kf1 f4 38. Bf5 Rf6 39. Bxe4 fxe3 40. Bc1 Bh6 41. f3 Rf4 42. Rc5 Nf6 43. Bxe3 Nxe4 44. Bxf4 Nxc5 45. Bxh6 Nxb3 {[%mdl 4096] Endgame KRB-KRN} 46. d5 Na5 47. Rd4 Kf7 48. Bg5 Rd6 49. Ke2 Nc4 ({Black should play} 49... Ke8) 50. Kd3 $1 Nxa3 {[#]} (50... Kg7 $16 51. Ke4 Rd7) 51. Rf4+ $1 $18 Ke8 52. Kd4 {aiming for Kc5.} Rd7 53. Re4+ Kf7 54. Kc5 Nc4 (54... Rc7+ $142 55. Kb6 Rc3) 55. Re6 Rc7+ 56. Rc6 Rxc6+ (56... Ra7 $142 57. f4 Nd2) 57. dxc6 {Hoping for c7. KB-KN} Ke6 58. Bf4 Ke7 59. Bg5+ $2 (59. Bc7 Nb2 60. f4) 59... Ke6 60. Bf4 $2 (60. Bc1) 60... Ke7 $1 61. Bc7 Ne3 62. Be5 Kd8 {[#]} 63. h5 $1 Kc8 64. Bc3 Nf5 65. Kd5 (65. f4 $18 {has better winning chances.}) 65... b4 $2 {[%mdl 8192]} (65... Ne3+ $16 66. Kc5 Nc2) 66. Bxb4 h6 67. Bc3 Ng3 68. Be5 {White mates.} Nf1 69. Bf4 a5 70. Ke4 {Accuracy: White = 63%, Black = 40%.} 1-0

[Event "21st Dubai Open 2019"]
[Site "Dubai"]
[Date "2019.04.06"]
[Round "5.8"]
[White "Visakh N R"]
[Black "Adly, Ahmed"]
[Result "0-1"]
[WhiteElo "2509"]
[BlackElo "2620"]
[Annotator "TA"]
[PlyCount "136"]
[EventDate "2019.04.01"]
[EventType "swiss"]
[EventCountry "UAE"]
[SourceTitle "playchess.com"]
[Source "ChessBase"]
[SourceQuality "1"]

{[%evp 17,136,8,75,33,20,0,-15,-27,-6,-36,-17,-18,-18,-20,0,-4,12,-17,-20,-55,0,0,0,0,0,0,0,0,0,-7,-12,-8,0,0,0,0,22,2,28,23,12,-44,-45,-32,-32,-16,-43,-72,-85,-126,-110,-117,-96,-69,0,0,0,0,8,-18,-19,-444,-435,-457,-412,-398,-396,-559,-558,-558,-558,-558,-558,-538,-546,-578,-575,-527,-527,-1116,-1075,-774,-792,-1173,-1098,-1150,-1062,-993,-923,-4100,-1712,-29959,-29960,-29956,-29951,-29944,-12487,-29967,-29968,-29964,-29961,-29970,-29970,-29966,-5631,-12148,-11346,-9573,-4714,-29982,-29983,-29984,-29983,-29983,-29984,-29984,-29984,-29985,-29986,-29986,-29987]} 1. e4 c5 2. Nf3 Nc6 3. Bb5 g6 4. Bxc6 dxc6 5. d3 Bg7 6. h3 Nf6 7. Nc3 Qc7 8. Be3 {B31: Sicilian: 2...Nc6 3 Bb5 g6} b6 9. Qd2 h6 {LiveBook: 3 Games} (9... e5 $11) (9... e5 10. Bh6 O-O 11. Nh2 Re8 12. Bxg7 Kxg7 13. Ng4 Ng8 14. O-O-O Be6 15. Ne2 Rad8 {½-½ (52) Saric,I (2692)-Harff,M (2411) Germany 2018}) 10. O-O {White is better.} e5 11. Nh2 Nh5 12. Ne2 Be6 $146 ({Predecessor:} 12... g5 13. a3 {0-1 (44) Edlund,R-Tikkanen,H (2278) Linkoping 2001}) 13. b4 cxb4 14. Qxb4 Nf4 15. Rfe1 Bd7 16. a4 Ne6 17. a5 {[%cal Ra5b6]} b5 $1 18. a6 Rc8 ({Black should play} 18... c5 $15 19. Qa5 Qd6) 19. Qa5 $11 O-O 20. c4 f5 21. cxb5 cxb5 22. Qa2 Kh7 23. Rec1 Qb8 24. Qd5 Rfd8 25. Qb7 Rxc1+ 26. Nxc1 (26. Rxc1 $2 Qxb7 27. axb7 Rb8 $17) 26... Nd4 27. Bxd4 exd4 28. Nb3 {Strongly threatening Rc1.} fxe4 {And now ...e3 would win.} 29. dxe4 ({Better is} 29. Rc1 $11 Be6 30. Rc7 Qxb7 31. axb7 exd3 32. Nf3) 29... Be6 $36 {[%mdl 2048] Black is more active.} 30. Nc5 Bc4 31. Nf3 d3 32. Rd1 Qxb7 $1 33. axb7 {aiming for Na6.} Rb8 $1 34. Ne1 Bd4 35. Nexd3 a5 (35... Kg8 $15) 36. Nb4 $1 $11 {[%cal Rb4c6]} Bxc5 37. Rd7+ Kg8 38. Nc6 (38. Na6 $5 {[%cal Ra6b8]} Rxb7 39. Rxb7 $11) 38... Rf8 {White must now prevent ...a4.} 39. b8=Q $4 {[%mdl 8192]} (39. Rc7 $1 $11 {and White is okay.} Bd6 40. Rd7) 39... Bxf2+ $19 ({Not} 39... Rxb8 40. Nxb8 a4 41. Na6 $15) 40. Kh1 {White threatens Ne7+ and mate.} Rxb8 41. Nxb8 {[%mdl 4096] Endgame KRN-KB} a4 {[%cal Ba5a4,Ba4a3][%mdl 32]} 42. Nc6 (42. Rd8+ {might work better.} Kf7 43. Rd1) 42... a3 43. Rd8+ Kg7 44. Ra8 Bc5 45. Ne5 Be2 46. Nd7 Be7 47. Ra7 b4 {[%cal Bb5b4,Bb4b3][%mdl 32]} 48. Nc5 Kf8 49. Ne6+ Ke8 50. Nc7+ {[#]} Kd8 $1 51. Ne6+ {[#]} Kc8 $1 52. Rxe7 b3 53. Re8+ Kd7 54. Nc5+ Kxe8 55. Nxb3 {KB-KN} Bd3 56. Kg1 Bc2 57. Na1 Bxe4 58. Kf2 Ke7 59. g3 Kd6 60. Ke3 Ke5 (60... Kd5 $142 61. Nb3 a2 62. Na1 h5 63. Ke2 Bf5 64. Kd1 Ke4 65. Ke2 Bxh3 66. Nc2 Bd7 67. Kd2 Kf3 68. Kc1 Kxg3 69. Kb2 h4 70. Kxa2 h3 71. Ne3 Bb5 72. Ka3 h2 73. Kb4 Be2 74. Kc5 h1=Q 75. Kd6 Qe4 76. Nd5 Qd4 77. Kc6 Bf3 78. Kd7 Bxd5 79. Kd6 Kf4 80. Kc7 Ke5 81. Kc8 Qa7 82. Kd8 Kd6 83. Ke8 Qe7#) 61. h4 Bf5 62. Nb3 Kd5 63. Na1 Kc4 {Black mates.} 64. Kd2 a2 65. g4 Bxg4 66. Kc2 g5 67. hxg5 hxg5 68. Kb2 Bd1 {Precision: White = 40%, Black = 75%.} 0-1

[Event "21st Dubai Open 2019"]
[Site "Dubai"]
[Date "2019.04.06"]
[Round "5.9"]
[White "Sindarov, Javokhir"]
[Black "Tabatabaei, M.amin"]
[Result "0-1"]
[WhiteElo "2495"]
[BlackElo "2612"]
[Annotator "TA"]
[PlyCount "122"]
[EventDate "2019.04.01"]
[EventType "swiss"]
[EventCountry "UAE"]
[SourceTitle "playchess.com"]
[Source "ChessBase"]
[SourceQuality "1"]

{[%evp 13,122,20,9,9,14,32,28,32,33,18,20,6,14,4,8,12,14,0,15,11,54,25,59,72,64,5,2,8,0,0,0,0,0,0,4,4,7,0,13,0,8,0,0,0,0,0,0,0,0,0,0,-8,0,-8,-8,-8,-8,-18,-7,-8,-8,-8,-8,-8,0,-14,-8,-8,-8,-24,-24,-24,-11,-47,-31,-47,-47,-47,-11,-24,-8,-8,-3,-12,-8,-11,0,-4,0,-22,-11,-16,-8,-16,0,0,31,0,0,0,0,-5089,-4134,-29993,-29994,-29995,-29996,-29996,-29997,-29997,272]} 1. e4 c5 2. Nf3 d6 3. d4 cxd4 4. Nxd4 Nf6 5. Nc3 Nc6 6. g3 Bd7 7. Bg2 g6 8. Nxc6 {B70: Sicilian Dragon: 6 g3 and 6 Be2 (without a later Be3)} (8. Nde2 Bg7 9. h3 Qc8 10. g4 Rb8 11. f4 O-O 12. a4 Ne8 13. O-O Nc7 14. f5 Qd8 15. Bg5 Be5 16. Kh1 a5 17. Qd2 Nb4 {½-½ (56) Onischuk,V (2608)-Andreikin,D (2723) Minsk 2017}) 8... Bxc6 (8... bxc6 {keeps more tension.} 9. b3 Bg7 10. Bb2 O-O 11. O-O Rb8) 9. O-O Bg7 10. Nd5 {White has an edge.} O-O 11. Re1 Re8 $146 ({Predecessor:} 11... e6 12. Nxf6+ Bxf6 13. c3 Qd7 14. Bh6 Rfd8 15. Qf3 Qe7 16. Qg4 Bg7 17. Bxg7 Kxg7 {½-½ (34) Kamrath,A-Fink Nunn,P (2090) Germany 1993}) 12. c3 a5 13. Bg5 Nd7 14. Qd2 Rb8 15. Rad1 Ne5 16. b3 Bd7 17. f4 Nc6 18. e5 h6 19. exd6 ({Better is} 19. Bh4 $1 $14 dxe5 20. Qf2) 19... hxg5 $11 20. dxe7 Nxe7 21. Nxe7+ Rxe7 22. Rxe7 Qxe7 23. Qxd7 Qe3+ 24. Kh1 {next Bd5 is good for White.} gxf4 25. gxf4 ({Of course not} 25. Bxb7 Qe2 $17) 25... Bf6 26. Bd5 Rf8 27. f5 g5 28. Qxb7 Qxc3 29. Bc4 Kh8 30. Qc6 ({Avoid the trap} 30. Bxf7 $2 {[#]} Rxf7 $1 {[%mdl 512]} 31. Qa8+ Kg7 $19) 30... Kg7 31. Qb7 Be5 32. Qd5 Qe3 33. f6+ Bxf6 34. Rf1 Qe7 35. Rf2 Rh8 36. Re2 Qc7 37. Rf2 Rh4 38. Qf5 Qd6 39. Qd5 Qe7 40. Re2 Qc7 41. Rf2 Rd4 42. Qf3 Qe7 43. Re2 Qd7 {...Rd1+ is the strong threat.} 44. Rf2 Rf4 45. Qg2 Rh4 46. Qf3 Rh6 47. Qd5 Qa7 48. Qf5 Qb7+ 49. Qd5 Qc7 50. Qf5 {[#]} a4 $1 {[%mdl 512]} 51. Rd2 (51. bxa4 Qxc4) 51... axb3 52. axb3 Qb7+ 53. Qd5 Qa7 54. Qd7 Qa8+ 55. Kg1 {aiming for Re2.} (55. Bd5 $5 {[%cal Rd7f7]} Qa1+ 56. Kg2 $14) 55... Qf8 56. Re2 {Black must now prevent Re8.} Rh4 57. Qc7 $2 {[%mdl 8192]} (57. Kg2 $11) 57... Bd4+ $19 58. Kg2 Qa8+ {Black mates.} 59. Kg3 {[#]} Rh3+ $1 {[%mdl 576] Deflection, Decoy} 60. Kxh3 Qf3+ 61. Qg3 g4+ $1 {[%mdl 32768] Accuracy: White = 37%, Black = 60%. . Loss on time!?} 0-1

[Event "21st Dubai Open 2019"]
[Site "Dubai"]
[Date "2019.04.06"]
[Round "5.10"]
[White "Nguyen, Anh Khoi"]
[Black "Aravindh, Chithambaram VR."]
[Result "1-0"]
[WhiteElo "2481"]
[BlackElo "2602"]
[Annotator "TA"]
[PlyCount "69"]
[EventDate "2019.04.01"]
[EventType "swiss"]
[EventCountry "UAE"]
[SourceTitle "playchess.com"]
[Source "ChessBase"]
[SourceQuality "1"]

{[%evp 22,69,17,18,33,41,37,29,32,33,32,31,33,31,33,16,24,23,30,28,25,27,27,21,23,24,25,30,37,38,124,129,235,234,240,233,232,233,269,222,220,225,232,214,286,280,282,288,1386,1344]} 1. d4 Nf6 2. c4 e6 3. g3 d5 4. Nf3 Be7 5. Bg2 O-O 6. O-O dxc4 7. Qc2 a6 8. a4 Bd7 9. Qxc4 Bc6 10. Bf4 a5 11. Nc3 Na6 12. Rac1 Bxf3 {E05: Open Catalan: 5 Nf3 Be7} (12... Nb4 13. Ne5 Bxg2 14. Kxg2 c6 15. e4 Nd7 16. Nf3 Qb6 17. Rfd1 Rfd8 18. h4 h6 19. Qe2 Nf6 20. Rd2 {½-½ (88) Meier,G (2630)-Karjakin,S (2783) chess.com INT 2017}) 13. Bxf3 c6 14. e4 Nd7 {White has an edge.} 15. Rfd1 Bg5 16. Bxg5 Qxg5 17. e5 $146 ({Predecessor:} 17. Bg2 Nb6 18. Qb3 Nb4 19. Na2 {½-½ (19) Mah,K (2419)-Turner,M (2521) England 2011}) 17... Qe7 18. Qe2 Nb6 19. Be4 Nb4 20. Bb1 Rfd8 21. b3 Rd7 22. Ne4 $40 {[%cal Bc3e4,Be4c5,Bc5b7,Bb7d6,Bd6b5,Bb5c7][%mdl 160] Black needs to defend precisely.} Rad8 23. Qh5 {Threatens to win with Nf6+!} h6 24. Qg4 {Black must now prevent Nf6+.} Kf8 25. Nc5 Rd5 ({Black should play} 25... Rc7 $1 $14) 26. Qe4 $16 Qg5 (26... Ke8 $16) 27. h4 $18 ({Resist} 27. Nxb7 Rxd4 28. Nxd8 Rxe4 $16) 27... Qh5 {...Rxc5! is the strong threat.} 28. Nxb7 R8d7 29. Nd6 f5 30. Qe3 c5 {[#]} 31. Rd2 $1 g5 32. dxc5 Rc7 33. Nb5 f4 {[#]} 34. Qe1 $1 ({And not} 34. gxf4 gxf4 35. Qxf4+ Rf7 $11) 34... gxh4 $2 (34... Rcxc5 35. Rxd5 Rxd5) 35. Nxc7 {Accuracy: White = 89%, Black = 51%.} 1-0

[Event "21st Dubai Open 2019"]
[Site "Dubai"]
[Date "2019.04.06"]
[Round "5.11"]
[White "Sadhwani, Raunak"]
[Black "Pichot, Alan"]
[Result "1/2-1/2"]
[WhiteElo "2475"]
[BlackElo "2566"]
[Annotator "TA"]
[PlyCount "52"]
[EventDate "2019.04.01"]
[EventType "swiss"]
[EventCountry "UAE"]
[SourceTitle "playchess.com"]
[Source "ChessBase"]
[SourceQuality "1"]

{[%evp 19,52,16,23,14,22,14,16,18,18,18,15,12,4,7,20,8,8,10,8,6,11,5,12,4,4,4,13,0,0,0,14,0,0,0,10]} 1. e4 c5 2. Nf3 Nc6 3. d4 cxd4 4. Nxd4 Nf6 5. Nc3 d6 6. Bg5 e6 7. Qd2 a6 8. O-O-O Be7 9. f4 Bd7 10. Be2 h6 11. Bh4 {B68: Sicilian: Richter-Rauzer: 7...a6 8 0-0-0 Bd7 9 f4 Be7} b5 {The position is equal.} 12. Bf3 {[#] Threatens to win with e5.} Rc8 13. Nxc6 (13. Bg3 Nxd4 14. Qxd4 Bc6 15. e5 Bxf3 16. gxf3 dxe5 17. fxe5 Qxd4 18. Rxd4 Nd7 {0-1 (58) Fogarasi,T (2481)-Acs,P (2518) Hungary 2006}) 13... Bxc6 14. Bxf6 Bxf6 15. Qxd6 Qxd6 16. Rxd6 {Black should prevent e5.} Be7 17. Rd3 g5 18. g3 h5 $146 19. e5 Bxf3 20. Rxf3 h4 {Black wants to play ...hxg3.} 21. Rd1 hxg3 22. hxg3 Rh2 23. Rd2 Rh1+ 24. Rd1 Rh2 $1 25. Rd2 Rh1+ 26. Rd1 Rh2 $1 {Accuracy: White = 66%, Black = 97%.} 1/2-1/2

[Event "21st Dubai Open 2019"]
[Site "Dubai"]
[Date "2019.04.06"]
[Round "5.12"]
[White "Debashis, Das"]
[Black "Laxman, R.R."]
[Result "1-0"]
[WhiteElo "2538"]
[BlackElo "2428"]
[Annotator "TA"]
[PlyCount "77"]
[EventDate "2019.04.01"]
[EventType "swiss"]
[EventCountry "UAE"]
[SourceTitle "playchess.com"]
[Source "ChessBase"]
[SourceQuality "1"]

{[%evp 17,77,47,54,43,34,37,61,61,63,64,63,76,66,83,94,87,104,95,109,100,135,129,128,72,163,163,151,166,204,191,247,247,247,224,223,215,275,260,327,303,375,393,400,352,460,455,728,728,743,733,737,723,734,728,793,638,621,564,530,478,1947,1793]} 1. Nf3 Nf6 2. c4 e6 3. Nc3 Bb4 4. Qc2 c5 5. a3 Ba5 6. e3 O-O 7. d4 d6 8. Be2 Nc6 9. O-O Qe7 10. Rd1 {A17: English Opening: 1...Nf6 with ...Bb4} Bxc3 11. Qxc3 e5 12. d5 {White is slightly better.} Nb8 13. b4 (13. Nd2 Nbd7 14. e4 Re8 15. b4 b6 16. Bf1 Nf8 17. g3 Qc7 {1-0 (63) Cvek,R (2506)-Vetoshko,V (2534) Slovakia 2017}) 13... b6 $146 ({Predecessor:} 13... Nbd7 14. Bb2 Re8 15. Nd2 b6 16. Qc2 Nf8 17. bxc5 bxc5 {1-0 (43) Amos,B-Petursson,M (2390) Haifa 1976}) 14. Nd2 e4 15. Bb2 Nbd7 16. Qc2 Re8 17. Rdb1 h6 18. Bc3 a5 19. bxa5 bxa5 20. Rb5 ({Better is} 20. a4) 20... a4 (20... Ba6 $16) 21. Ra5 $18 Rxa5 22. Bxa5 Qe5 23. Bc3 Qf5 (23... Qe7 $142 24. Rb1 (24. Qxa4 Ne5 $16) 24... Ba6) 24. Qxa4 Ne5 25. Rb1 Rf8 26. Qd1 h5 27. Rb6 Rd8 28. a4 {[%cal Ba3a4,Ba4a5][%mdl 32]} h4 29. a5 h3 30. g3 Nfg4 31. Qf1 {White is clearly winning.} Nf3+ (31... Qd7 $142 32. Nxe4 Qe7) 32. Nxf3 {[%mdl 64] [#] Overworked Piece} exf3 33. Bd3 Qd7 34. Qxh3 {And now Qh7+ would win.} f5 35. Qh5 Qe7 36. h3 Ne5 37. Bf1 Nd7 38. Rb1 Qe4 (38... Rf8 $142 39. Qxf3 Qf7) 39. Qg5 {[%mdl 64] Double Attack. Accuracy: White = 87%, Black = 38%.} 1-0

[Event "21st Dubai Open 2019"]
[Site "Dubai"]
[Date "2019.04.06"]
[Round "5.13"]
[White "Ghaem Maghami, Ehsan"]
[Black "Mendonca, Leon Luke"]
[Result "1-0"]
[WhiteElo "2531"]
[BlackElo "2427"]
[Annotator "TA"]
[PlyCount "77"]
[EventDate "2019.04.01"]
[EventType "swiss"]
[EventCountry "UAE"]
[SourceTitle "playchess.com"]
[Source "ChessBase"]
[SourceQuality "1"]

{[%evp 12,77,0,6,25,0,0,0,0,0,0,0,41,41,44,18,17,2,21,0,5,0,0,0,0,0,0,0,12,0,47,33,35,19,43,13,25,0,39,48,110,110,96,94,191,53,300,50,52,52,52,53,302,302,300,303,294,292,279,283,637,658,651,633,29977,29978,29988,1350]} 1. e4 c5 2. Nf3 d6 3. Bb5+ Nd7 4. O-O a6 5. Bxd7+ Bxd7 6. d4 cxd4 7. Qxd4 Rc8 {B51: Sicilian: Moscow Variation (3 Bb5+) without 3...Bd7} 8. c4 e5 9. Qd3 b5 {The position is equal.} 10. Nfd2 Qc7 {[%cal Rb5c4]} 11. b3 b4 $146 ({Predecessor:} 11... Nf6 12. Nc3 Be7 13. Ba3 O-O 14. Rac1 Qb6 15. cxb5 axb5 16. Bb4 {½-½ (24) Kovalenko,I (2682)-Cheparinov,I (2683) Warsaw 2015}) 12. a3 a5 $1 13. Re1 Nf6 14. Nf1 Bc6 $1 15. Ng3 Nd7 16. axb4 axb4 17. Be3 g6 18. Nd2 {[%cal Bb1d2,Bd2f1,Bf1e3,Be3d5][%mdl 32]} Be7 19. Ra7 Qb8 20. Rea1 Bb7 21. Ndf1 $36 {[%mdl 2048] White has some pressure.} O-O 22. Bh6 Nc5 23. Qc2 Rfe8 24. Bd2 Bc6 25. Ne3 Qb6 (25... Bf6 $14) 26. Nd5 $16 Bxd5 27. exd5 f5 (27... Rc7 $16 {might work better.} 28. Ra8 Rb8) 28. Be3 (28. Nxf5 $1 $18 gxf5 29. Qxf5) 28... Qb8 $2 {[#]} (28... Qd8 $14) 29. R7a5 $2 (29. Nxf5 $1 $18 {[%mdl 512]} gxf5 30. Qxf5 (30. Bxc5 Rxc5 31. Qxf5 Rc7 $15)) 29... Qc7 $14 30. Bxc5 dxc5 31. Ra7 Qb8 $2 {[#]} (31... Qd8 $1 $14) 32. Nxf5 $1 $18 {[%mdl 512]} gxf5 33. Qxf5 Rc7 34. Qe6+ Kf8 35. R7a6 Qc8 $2 (35... Rb7 36. d6 Bxd6 37. Qh6+ (37. Qxd6+ Qxd6 38. Rxd6 Ree7 $16) 37... Kg8) 36. Qxe5 {Intending Qh8+ and mate.} Kg8 37. Re6 Kf7 38. Re1 Ra7 39. d6 {Accuracy: White = 48%, Black = 35%.} (39. Re3 $142 Ra1+ 40. Qxa1 Qxe6 {[%mdl 64] Remove Defender} 41. dxe6+ Kg6 42. Qb1+ Kg7 43. Rg3+ Kf6 44. Rf3+ Ke5 45. Qe1+ Kd6 46. Rd3+ Kc6 47. Rd7) 1-0

[Event "21st Dubai Open 2019"]
[Site "Dubai"]
[Date "2019.04.06"]
[Round "5.14"]
[White "Aditya Mittal"]
[Black "Chanda, Sandipan"]
[Result "1/2-1/2"]
[WhiteElo "2457"]
[BlackElo "2521"]
[Annotator "TA"]
[PlyCount "66"]
[EventDate "2019.04.01"]
[EventType "swiss"]
[EventCountry "UAE"]
[SourceTitle "playchess.com"]
[Source "ChessBase"]
[SourceQuality "1"]

{[%evp 14,66,28,16,38,36,41,16,22,16,20,16,23,0,35,41,35,39,33,38,45,35,33,33,51,51,48,50,75,50,55,57,60,60,76,41,58,55,47,34,33,14,14,7,7,7,7,7,7,7,7,0,7,0,0]} 1. d4 f5 2. g3 Nf6 3. Bg2 g6 4. Nf3 Bg7 5. O-O O-O 6. b3 e6 {A81: Dutch Defence: 2 g3} (6... d6 7. Bb2 c6 8. Nbd2 a5 9. c4 Na6 10. a3 Rb8 11. Ne1 e5 12. dxe5 Nd7 13. Qc2 dxe5 14. Nd3 e4 15. Nf4 Ne5 16. Rfd1 Qb6 17. Nf1 Nc5 18. Rab1 {1-0 (52) Fressinet,L (2722)-Lagarde,M (2659) Orsay 2018}) 7. Bb2 d5 8. c4 {LiveBook: 4 Games} c6 9. Nbd2 a5 $146 ({Predecessor:} 9... Nbd7 10. Qc2 Re8 11. Rac1 Ne4 12. Rfd1 a5 13. a4 b6 14. Ne5 Nxe5 15. dxe5 Nxd2 16. Rxd2 {½-½ (87) Nguyen,V (2438)-Sandipan,C (2555) Mumbai 2019}) 10. a3 Nbd7 {[%cal Bb8d7,Bd7b6,Bb6c4][%mdl 32]} 11. Qc2 a4 12. b4 Ne4 13. Ne5 Nxd2 14. Qxd2 Nb6 15. c5 Bxe5 16. dxe5 Nc4 17. Qc1 Nxb2 18. Qxb2 Bd7 19. Qd4 g5 20. f4 Rf7 21. Kf2 gxf4 22. Qxf4 Rg7 23. Bf3 Be8 24. Ke3 Bg6 25. Rac1 Qe8 26. Rfd1 Bh5 27. h3 Kh8 {The position is equal.} 28. Rd4 Bxf3 29. exf3 Qh5 30. h4 Rag8 31. Rg1 Qe8 32. Kf2 Qb8 33. Rd3 Qc7 {Precision: White = 54%, Black = 48%.} 1/2-1/2

[Event "21st Dubai Open 2019"]
[Site "Dubai"]
[Date "2019.04.06"]
[Round "5.15"]
[White "Kuybokarov, Temur"]
[Black "Akash G"]
[Result "1/2-1/2"]
[WhiteElo "2519"]
[BlackElo "2414"]
[Annotator "TA"]
[PlyCount "87"]
[EventDate "2019.04.01"]
[EventType "swiss"]
[EventCountry "UAE"]
[SourceTitle "playchess.com"]
[Source "ChessBase"]
[SourceQuality "1"]

{[%evp 19,87,35,37,29,40,30,61,37,83,33,27,28,31,35,43,21,58,30,37,25,45,40,48,48,45,0,228,231,270,41,69,35,60,-68,-47,-58,-21,-8,31,42,41,33,41,23,40,48,89,103,178,73,76,0,46,33,41,0,0,0,0,0,0,0,0,0,0,0,0,0,0,0]} 1. d4 Nf6 2. c4 g6 3. Nc3 Bg7 4. e4 d6 5. Nf3 O-O 6. Be2 e5 7. O-O Nc6 8. d5 Ne7 9. b4 Nh5 10. Re1 f5 11. a4 {[%cal Ba2a4,Ba4a5,Ba5a6][%mdl 32] E97: King's Indian: Classical Main Line (6...e5 7 0-0 Nc6): 8 Be3 and 8 d5 Ne7, not 9 Ne1} (11. Ng5 Nf6 12. Bf3 h6 13. Ne6 Bxe6 14. dxe6 c6 15. b5 fxe4 16. Nxe4 Nxe4 17. Bxe4 d5 18. cxd5 cxd5 19. Ba3 dxe4 20. Qxd8 Rfxd8 21. Bxe7 {½-½ (38) Gozzoli,Y (2596)-Bacrot,E (2699) Nimes 2018}) 11... Nf6 12. a5 Kh8 13. Bf1 $146 {White is slightly better.} ({Predecessor:} 13. Ra3 h6 14. Nd2 g5 15. Bf1 f4 16. c5 Ng6 17. Nc4 Rf7 18. cxd6 cxd6 {1-0 (40) Schwing,H (2320)-Roesch,M (2168) Baden 2017}) 13... Neg8 14. c5 Nxe4 15. Nxe4 fxe4 16. Ng5 Nf6 17. a6 {aiming for axb7.} b6 18. cxb6 cxb6 19. Nxe4 Nxe4 20. Rxe4 Bd7 21. Be3 Rc8 22. Rc1 Rxc1 $2 (22... b5 $11) 23. Qxc1 $18 Qc8 24. Qa3 $2 (24. Rc4 $1 $18 {[%cal Rc4c8]} Qxa6 25. Rc6) 24... Qa8 25. Qb3 Bf5 26. Rh4 (26. Rc4 $1 $14) 26... e4 $1 $15 27. Bg5 Rf7 28. Qc4 Qb8 29. g4 Bd7 30. Qxe4 Kg8 31. Rh3 Qc8 32. Be2 Be5 33. Kg2 Ba4 (33... Rf8 $16) 34. b5 (34. f4 $18 {and White stays clearly on top.} Bg7 35. b5) 34... Bc2 $16 35. Bd3 (35. Qb4 $1 $16) 35... Bxd3 36. Rxd3 Qc2 37. Be3 Qe2 {The position is equal.} 38. Rd4 Bxd4 39. Qe8+ Rf8 40. Qe6+ {[%mdl 64] Double Attack} Rf7 41. Qc8+ Rf8 $1 ({Avoid the trap} 41... Kg7 $2 42. Bxd4+ Kh6 43. g5+ $1 {[%mdl 512]} Kxg5 44. Be3+ Rf4 45. Qd8+ Kf5 46. Qf8+ Ke4 47. Qxf4+ $18) 42. Qe6+ {[%mdl 64] Double Attack} Rf7 43. Qc8+ Rf8 $1 ({Wrong is} 43... Kg7 $2 44. Bxd4+ Kh6 {[#]} 45. g5+ $1 {[%mdl 576] Decoy} Kxg5 46. Be3+ Rf4 47. Qd8+ Kh5 48. Bxf4 $18) 44. Qe6+ {[%mdl 64] Double Attack. Accuracy: White = 31%, Black = 38%.} 1/2-1/2

[Event "21st Dubai Open 2019"]
[Site "Dubai"]
[Date "2019.04.06"]
[Round "5.16"]
[White "Tissir, Mohamed"]
[Black "Venkatesh, M.R."]
[Result "1/2-1/2"]
[WhiteElo "2386"]
[BlackElo "2517"]
[Annotator "TA"]
[PlyCount "52"]
[EventDate "2019.04.01"]
[EventType "swiss"]
[EventCountry "UAE"]
[SourceTitle "playchess.com"]
[Source "ChessBase"]
[SourceQuality "1"]

{[%evp 17,52,64,75,47,45,43,48,48,47,45,44,44,49,39,35,38,43,48,105,102,109,102,122,101,107,72,67,64,129,75,75,85,305,109,249,101,287]} 1. Nf3 Nf6 2. g3 b6 3. Bg2 Bb7 4. O-O e6 5. c4 c5 6. Nc3 Be7 7. Re1 Qc8 {A30: Symmetrical English: Double Fianchetto and Hedgehog} 8. e4 d6 9. d4 cxd4 {LiveBook: 3 Games. White is slightly better.} 10. Qxd4 $146 ({Predecessor:} 10. Nxd4 a6 11. Nd5 exd5 12. exd5 Ra7 13. Bf4 Kf8 14. Qd3 Nh5 15. Qe2 Bxd5 16. Qxh5 Bxg2 17. Kxg2 {1-0 (26) Vallejo Pons,F (2698)-Hou,Y (2629) Leon 2014}) 10... Nc6 11. Qd2 O-O 12. b3 Rd8 13. Bb2 Nd7 14. Rac1 Nce5 15. Red1 Nxf3+ 16. Bxf3 Ne5 17. Bg2 h5 (17... Nd7 $14) 18. Qe2 h4 19. Ba3 hxg3 20. hxg3 a6 21. Bb2 Qc7 22. Rc2 Bf8 (22... Bf6 $14) 23. f4 $16 Nd7 24. Bf3 Rac8 $2 {[#]} (24... g6 $16) 25. Rcd2 $2 (25. Qh2 $1 $18) 25... Nf6 {[#]} (25... g6 $16) 26. Kg2 (26. Qh2 $1 $18 {and the rest is easy.}) 26... Bc6 $2 {[%mdl 32768] Precision: White = 50%, Black = 37%. . An unexpected result.} (26... g6 $16) 1/2-1/2